Zum Problem der Lehrerarbeitslosigkeit

Salvato in:
Dettagli Bibliografici
Autore principale: Schmidt, Klaus-Dieter
Natura: Libro
Lingua:tedesco
Pubblicazione: Kiel Institut für Weltwirtschaft 1982
Serie:Kieler Diskussionsbeiträge 87
Tags: Aggiungi Tag
Nessun Tag, puoi essere il primo ad aggiungerne!!

MARC

LEADER 00000nam a2200000 4500
001 c130524
005 20181203150429.3
041 0 |a ger 
044 |a DE 
245 1 0 |a Zum Problem der Lehrerarbeitslosigkeit  |c Klaus-Dieter Schmidt 
264 1 |a Kiel  |b Institut für Weltwirtschaft  |c 1982 
300 |a 33 s. 
490 1 |a Kieler Diskussionsbeiträge  |v 87 
830 0 |a Kieler Diskussionsbeiträge  |v 87 
100 1 |a Schmidt, Klaus-Dieter